La nueva economía y negocios agroalimentarios /

Guardado en:
Autor Principal: Ordoñez, Héctor Alfredo.
Formato: Libro
Idioma:Undetermined
Publicado: Buenos Aires : Universidad de Buenos Aires, 2009.
Series:Agronegocios
Materias:
Etiquetas: Agregar Etiqueta
Sin Etiquetas, Sea el primero en etiquetar este registro!
LEADER 00953nam a22002055a 4500
001 CEM.cems019986
008 230412s2009####ag############000#0#und#d
005 20230412124144.0
245 1 0 |a La nueva economía y negocios agroalimentarios /  |c Héctor Alfredo Ordóñez. 
260 |a Buenos Aires :  |b Universidad de Buenos Aires,  |c 2009. 
300 |a 160 p. ;  |c 23 cm. 
490 1 |a Agronegocios 
505 0 |a Introducción a la Nueva Economía y Negocios Agroalimentarios -- La Nueva Economía Institucional -- Vía del ambiente institucional -- El concepto de negocios agroalimentarios -- Denominaciones de origen y la nueva economía institucional -- Glosario de la nueva economía y negocios agroalimentarios 
020 |a 9789502911427 
100 1 |a Ordoñez, Héctor Alfredo. 
653 |a Agricultura 
653 |a Agroalimentación 
653 |a Empresa agropecuaria 
653 |a Agronegocios 
859 |a CEMS  |b BIB. CEMS - Agricultura  |h 338.1  |i Or12  |p A3500.23  |t Ej.1